000
00316nam a22001457a 4500
003
SGT
020
_a
9789325982291
082
_a
658.15,PAN
100
_a
PANDEY,I.M.
245
_a
FINANCIAL MANAGEMENT
260
_a
NEW DELHI
_b
VIKAS
_c
2017
300
_a
921
650
_a
FINANCIAL MANAGEMENT
942
_2
ddc
_c
BK
_0
3
999
_c
11582
_d
11582